| 000 | 00442nam a2200181Ia 4500 | ||
|---|---|---|---|
| 001 | 4937 | ||
| 005 | 20260306145831.0 | ||
| 008 | 260306t2006||||xx |||||||||||||| ||spa|| | ||
| 041 | _aESP | ||
| 082 |
_a332 _bM26 2006 |
||
| 100 |
_aMartín Fernández, Miguel _eAUT |
||
| 245 | 0 | _aCasos prácticos de dirección financiera | |
| 260 | _c2006 | ||
| 300 |
_a332 páginas : _ccm. |
||
| 650 | _aGEN | ||
| 654 | _aCAN | ||
| 942 |
_cLIB _dJUS _fJUS _2ddc _n |
||
| 999 |
_c4937 _d4937 |
||